20 Reglas para que el Ministerio Publico determine la imputación de un hecho (Registro nro. 5851)
[ vista simple ]
| 000 -Cabecera | |
|---|---|
| Campo de control de longitud fija | 00599ata a2200217 4500 |
| 005 - Fecha y hora de la última transacción | |
| Campo de control | 20240821151419.0 |
| 008 - Elementos de longitud fija--Información general | |
| Campo de control de longitud fija | 150521b2009 xxu||||| |||| 00| 0 spa d |
| 020 ## - International Standard Book Number | |
| Número Internacional Estándar del Libro (ISBN) | 9786070012716 |
| 041 ## - Idioma | |
| Código de idioma | |
| 082 ## - Clasificación Decimal Dewey | |
| Número de clasificación | 345.01 Q7r |
| 100 ## - Entrada principal--Autor personal | |
| Nombre personal | Quintino Zepeda, Rubén |
| 9 (RLIN) | 30306 |
| 245 ## - Título propiamente dicho | |
| Título | 20 Reglas para que el Ministerio Publico determine la imputación de un hecho |
| 260 ## - Pie de imprenta | |
| Lugar de publicación, distribución, etc. | México |
| 260 ## - Pie de imprenta | |
| Nombre del editor, distribuidor, etc. | Editorial Ubijus |
| 260 ## - Pie de imprenta | |
| Fecha de publicación, distribución, etc. | 2009 |
| 300 ## - Descripción física | |
| Extensión | 28 páginas |
| 650 ## - Materia general | |
| Temática (materia general) | MINISTERIO PÚBLICO |
| 650 ## - Materia general | |
| Temática (materia general) | IMPUTACIÓN DE UN HECHO |
| 650 ## - Materia general | |
| Temática (materia general) | INVESTIGACIÓN CRIMINAL |
| 942 ## - Punto de acceso adicional KOHA | |
| Tipo de ítem KOHA | Libro |
| Fuente del sistema de clasificación o colocación | Dewey Decimal Classification |
| Signatura completa | Código de barras | Tipo de ítem |
|---|---|---|
| 345.01 Q7r | 14938 | Libro |
| 345.01 Q7r | 14939 | Libro |